Essential first steps to data analysis : (Record no. 48677)
[ view plain ]
| 000 -LEADER | |
|---|---|
| fixed length control field | 00670nam a2200205Ia 4500 |
| 003 - CONTROL NUMBER IDENTIFIER | |
| control field | SISC |
| 005 - DATE AND TIME OF LATEST TRANSACTION | |
| control field | 20160822133610.0 |
| 008 - FIXED-LENGTH DATA ELEMENTS--GENERAL INFORMATION | |
| fixed length control field | 140321s9999 xx 000 0 und d |
| 020 ## - INTERNATIONAL STANDARD BOOK NUMBER | |
| International Standard Book Number | 9781412997515 |
| 050 ## - LIBRARY OF CONGRESS CALL NUMBER | |
| Classification number | HA 32 |
| Item number | .P37 2013 |
| 100 ## - MAIN ENTRY--PERSONAL NAME | |
| Personal name | Parke, Carol S. |
| 245 ## - TITLE STATEMENT | |
| Title | Essential first steps to data analysis : |
| Remainder of title | scenario-based examples using SPSS / |
| Statement of responsibility, etc | Carol S. Parke. |
| 260 ## - PUBLICATION, DISTRIBUTION, ETC. (IMPRINT) | |
| Place of publication, distribution, etc | London : |
| Name of publisher, distributor, etc | SAGE, |
| Date of publication, distribution, etc | 2013. |
| 300 ## - PHYSICAL DESCRIPTION | |
| Extent | 265 pages : |
| Other physical details | ill. ; |
| Dimensions | 23 cm. |
| 500 ## - GENERAL NOTE | |
| General note | Includes bibliographical references and index. |
| 650 ## - SUBJECT ADDED ENTRY--TOPICAL TERM | |
| Topical term or geographic name as entry element | Social sciences |
| General subdivision | Statistical methods -- Data processing. |
| 650 ## - SUBJECT ADDED ENTRY--TOPICAL TERM | |
| Topical term or geographic name as entry element | SPSS (Computer file). |
| 942 ## - ADDED ENTRY ELEMENTS (KOHA) | |
| Call number prefix | Foreign |
| Koha item type | Books |
| Source of classification or shelving scheme | Library of Congress Classification |
| Withdrawn status | Lost status | Damaged status | Home library | Current library | Shelving location | Date acquired | Total Checkouts | Full call number | Barcode | Date last seen | Date checked out | Price effective from | Koha item type |
|---|---|---|---|---|---|---|---|---|---|---|---|---|---|
| College Library | College Library | Reserve Section | 03/21/2014 | 1 | HA 32 .P37 2013 | C17960 | 05/15/2018 | 08/25/2016 | 03/21/2014 | Books |